<?xml version="1.0" encoding="UTF-8"?>
<record
    xmlns:xsi="http://www.w3.org/2001/XMLSchema-instance"
    xsi:schemaLocation="http://www.loc.gov/MARC21/slim http://www.loc.gov/standards/marcxml/schema/MARC21slim.xsd"
    xmlns="http://www.loc.gov/MARC21/slim">

  <leader>02210    a2200229   4500</leader>
  <controlfield tag="001">45780</controlfield>
  <controlfield tag="005">20260407155729.0</controlfield>
  <controlfield tag="008">260407a2009    arg                 spa d</controlfield>
  <controlfield tag="003">AR-UNSa-BCEJYS</controlfield>
  <datafield tag="040" ind1=" " ind2=" ">
    <subfield code="a">AR-UNSa-BCEJYS</subfield>
    <subfield code="b">spa</subfield>
    <subfield code="c">AR-UNSa-BCEJYS</subfield>
  </datafield>
  <datafield tag="080" ind1=" " ind2=" ">
    <subfield code="a">330.83</subfield>
    <subfield code="x">Doctrinas econ&#xF3;micas del siglo XX y sus predecesoras en el siglo XIX (Neoliberalismo)</subfield>
  </datafield>
  <datafield tag="245" ind1="1" ind2="0">
    <subfield code="a">Jujuy bajo el signo neoliberal</subfield>
    <subfield code="p">pol&#xED;tica, sociedad y cultura en la d&#xE9;cada de los noventa</subfield>
  </datafield>
  <datafield tag="020" ind1=" " ind2=" ">
    <subfield code="a">978-950-721-325-0</subfield>
  </datafield>
  <datafield tag="264" ind1=" " ind2="1">
    <subfield code="a">San Salvador de Jujuy :</subfield>
    <subfield code="b">EDIUNJu</subfield>
    <subfield code="c">2009</subfield>
  </datafield>
  <datafield tag="300" ind1=" " ind2=" ">
    <subfield code="a">554 p.</subfield>
    <subfield code="c">24 cm.</subfield>
  </datafield>
  <datafield tag="505" ind1=" " ind2=" ">
    <subfield code="a">1. Neoliberalismo : Ideolog&#xED;a y pr&#xE1;ctica. Su influencia en Am&#xE9;rica Latina de los Noventa / Liliana Bergesio y Cecilia Fandos &#x2013; 2. La d&#xE9;cada del Menemismo y la Ingobernabilidad en Jujuy. Naci&#xF3;n, regi&#xF3;n y provincia en los noventa / Marcelo Lagos y Mirta Guti&#xE9;rrez &#x2013; 3. La pol&#xED;tica juje&#xF1;a en los noventa : partidos y actores de poder / Adriana Kindgard &#x2013; 4. Privatizaciones y mercado de trabajo : la venta de empresas p&#xFA;blicas en Jujuy y sus consecuencias sobre el empleo / Liliana Bergesio, Laura Golovanevsky  y Mar&#xED;a Elena Marcoleri &#x2013; 5. Buscando otra salida : La paradiplomacia de Jujuy en los &#xB4;90 / Marcos Calleja y Alejandro Safarov &#x2013; 6. Nuestros crueles &#xB4;90 : una mirada sobre la educaci&#xF3;n / Beatriz Bruce y Silvia Barrionuevo &#x2013; 7. Los conflictos  sociales bajo la pol&#xED;tica neoliberal /Federico M. Kindgard &#x2013; 8. La desigualdad a la vuelta de la esquina. Los &#xB4;90 San Salvador de Jujuy / Alejandra Garc&#xED;a Vargas &#x2013; 9. Campo literario juje&#xF1;o en la d&#xE9;cada del noventa : el fin de la inocencia / Reynaldo Castro &#x2013; 10. Cruces y tensiones entre f&#xFA;tbol y pol&#xED;tica en Jujuy durante los a&#xF1;os noventa / Ram&#xF3;n Burgos &#x2013; 11. Emergencias religiosas. El caso de la Virgen de Urkupi&#xF1;a / Juan Armando Guzm&#xE1;n &#x2013; 12. Medios masivos : Tramas y complicidades en Jujuy. Una mirada desde la d&#xE9;cada del &#xB4;90 / Alejandra Garc&#xED;a Vargas, C&#xE9;sar Arrueta y Marcelo Brunet. </subfield>
  </datafield>
  <datafield tag="041" ind1=" " ind2=" ">
    <subfield code="a">spa</subfield>
  </datafield>
  <datafield tag="942" ind1=" " ind2=" ">
    <subfield code="c">BK</subfield>
  </datafield>
  <datafield tag="590" ind1=" " ind2=" ">
    <subfield code="a">niveau_biblio:m niveau_hierar:0</subfield>
  </datafield>
  <datafield tag="100" ind1="1" ind2=" ">
    <subfield code="a">Lagos, Marcelo</subfield>
  </datafield>
  <datafield tag="856" ind1="4" ind2="1">
    <subfield code="u">https://www.biblioeco.unsa.edu.ar/pmb/images/libros/L127183.jpg</subfield>
    <subfield code="y">Imagen de portada</subfield>
    <subfield code="q">image/jpeg</subfield>
  </datafield>
  <datafield tag="999" ind1=" " ind2=" ">
    <subfield code="c">4000</subfield>
    <subfield code="d">4000</subfield>
  </datafield>
  <datafield tag="952" ind1=" " ind2=" ">
    <subfield code="0">0</subfield>
    <subfield code="1">0</subfield>
    <subfield code="4">0</subfield>
    <subfield code="7">0</subfield>
    <subfield code="a">BCEJYS</subfield>
    <subfield code="b">BCEJYS</subfield>
    <subfield code="c">16</subfield>
    <subfield code="d">2026-04-07</subfield>
    <subfield code="l">0</subfield>
    <subfield code="o">330.83 L177</subfield>
    <subfield code="p">L127183</subfield>
    <subfield code="r">2026-04-07 15:57:29</subfield>
    <subfield code="w">2026-04-07</subfield>
    <subfield code="y">L</subfield>
  </datafield>
</record>
